| 000 -LEADER |
| fixed length control field |
01415cam a22003374a 4500 |
| 001 - CONTROL NUMBER |
| control field |
14896856 |
| 005 - DATE AND TIME OF LATEST TRANSACTION |
| control field |
20221105215707.0 |
| 008 - FIXED-LENGTH DATA ELEMENTS--GENERAL INFORMATION |
| fixed length control field |
070619s2017 vaua bf 001 0 eng |
| 020 ## - INTERNATIONAL STANDARD BOOK NUMBER |
| International Standard Book Number |
9780982292150 1 |
| 080 ## - UNIVERSAL DECIMAL CLASSIFICATION NUMBER |
| Universal Decimal Classification number |
618 O-17 |
| 245 00 - TITLE STATEMENT |
| Title |
Obstetrics, gynecology & infertility : |
| Remainder of title |
handbook for clinicians / |
| Statement of responsibility, etc. |
John David Gordon ... [et al] ; technical and computer support , Bill Gillespie. |
| 250 ## - EDITION STATEMENT |
| Edition statement |
7th edition |
| 264 ## - PRODUCTION, PUBLICATION, DISTRIBUTION, MANUFACTURE, AND COPYRIGHT NOTICE |
| Place of production, publication, distribution, manufacture |
Arlington : |
| Name of producer, publisher, distributor, manufacturer |
Scrub Hill Press, |
| Date of production, publication, distribution, manufacture, or copyright notice |
2017. |
| 300 ## - PHYSICAL DESCRIPTION |
| Extent |
780 p. : |
| Other physical details |
ill. ; |
| Dimensions |
14 cm. |
| 650 #0 - SUBJECT ADDED ENTRY--TOPICAL TERM |
| Topical term or geographic name entry element |
Gynecology |
| Form subdivision |
Handbooks, manuals, etc. |
| 9 (RLIN) |
9756 |
| 650 #0 - SUBJECT ADDED ENTRY--TOPICAL TERM |
| Topical term or geographic name entry element |
Obstetrics |
| Form subdivision |
Handbooks, manuals, etc. |
| 9 (RLIN) |
9757 |
| 650 #0 - SUBJECT ADDED ENTRY--TOPICAL TERM |
| Topical term or geographic name entry element |
Infertility |
| Form subdivision |
Handbooks, manuals, etc. |
| 9 (RLIN) |
9758 |
| 650 #0 - SUBJECT ADDED ENTRY--TOPICAL TERM |
| Topical term or geographic name entry element |
Residents (Medicine) |
| Form subdivision |
Handbooks, manuals, etc. |
| 9 (RLIN) |
9759 |
| 650 12 - SUBJECT ADDED ENTRY--TOPICAL TERM |
| Topical term or geographic name entry element |
Pregnancy Complications |
| Form subdivision |
Handbooks. |
| 9 (RLIN) |
8691 |
| 650 22 - SUBJECT ADDED ENTRY--TOPICAL TERM |
| Topical term or geographic name entry element |
Genital Diseases, Female |
| Form subdivision |
Handbooks. |
| 9 (RLIN) |
8689 |
| 650 22 - SUBJECT ADDED ENTRY--TOPICAL TERM |
| Topical term or geographic name entry element |
Infertility |
| Form subdivision |
Handbooks. |
| 9 (RLIN) |
9760 |
| 653 ## - INDEX TERM--UNCONTROLLED |
| keyword |
გინეკოლოგია |
| 653 ## - INDEX TERM--UNCONTROLLED |
| keyword |
მეანობა |
| 653 ## - INDEX TERM--UNCONTROLLED |
| keyword |
უშვილობა |
| 653 ## - INDEX TERM--UNCONTROLLED |
| keyword |
მედიცინა |
| 700 1# - ADDED ENTRY--PERSONAL NAME |
| Personal name |
Gordon, John D. |
| Fuller form of name |
(John David) |
| Relator term |
ავტორი |
| 9 (RLIN) |
9761 |
| 700 1# - ADDED ENTRY--PERSONAL NAME |
| Personal name |
Rydfors, Jan T. |
| Relator term |
ავტორი |
| 9 (RLIN) |
9762 |
| 700 1# - ADDED ENTRY--PERSONAL NAME |
| Personal name |
Druzin, Maurice L. და სხვ. |
| Relator term |
ავტორი |
| 9 (RLIN) |
9763 |
| 856 41 - ELECTRONIC LOCATION AND ACCESS |
| Materials specified |
Table of contents only |
| Uniform Resource Identifier |
http://www.loc.gov/catdir/toc/ecip0721/2007025584.html |
| 942 ## - ADDED ENTRY ELEMENTS (KOHA) |
| Source of classification or shelving scheme |
|
| Koha item type |
წიგნი |